Acuerdos comerciales y aspectos relacionados con el comercio exterior

Bibliographic Details
Main Author: Pardo Carrero, Germǹ
Format: Book
Language:Spanish
Published: Colombia Editorial Universidad de Rosario 2014
Subjects:
Online Access:Acceso restringido

MARC

LEADER 00000nam a22000007a 4500
005 2016050303423.0
007 cr|||| ||u|
008 160503s2014 ck ||||| |||| 00||0 spa d
020 |a 978-958-738-494-9 
035 |a 14183 
040 |a vLex  
090 |c 6044  |d 6044 
100 1 |a Pardo Carrero, Germǹ 
245 1 0 |a Acuerdos comerciales y aspectos relacionados con el comercio exterior  |h [Recurso electrn̤ico] /  |c Germǹ Pardo Carrero  
256 |a Servicio en ln̕ea  
260 |a Colombia   |b Editorial Universidad de Rosario   |c 2014 
300 |a 1 recurso electrn̤ico (825 Pg̀inas)  
506 1 |a Contenido solo disponible en los productos indicados  |d vLex Global  |d vLex Global (Academic Edition, excluding Law Schools)  |d vLex Global (U.S. Academic Edition, Law Schools)  |d vLex Global (U.S. Academic Edition, excluding Law Schools)  |d vLex Global (Academic Edition, Law Schools) 
650 0 4 |a Comercio exterior  |z Colombia  
740 0 |a vLex libros (servicio en ln̕ea)  
856 4 0 |u http://vlex.com/source/acuerdos-comerciales-aspectos-relacionados-comercio-exterior-14183  |z Acceso restringido  
942 |c BOOK 
999 0 |a International trade  |b Colombia